1514 1269 1821 1962 1744 1635 1546 1811 1731 1713 1653 1242 1827 1105 1624 1190 1096 1945 1751 1446 1663 1130 1454 1488 1147 1126 1755 1332 1127 1898 1637 1890 1548 1651 1740 1793 1179 1613 1865 1818 1300 1812 1313 1638 1582 1191 1624 1953 1915 1469 1702 1057 1185 1513 1771 1062 1275 1126 1017 1028 1300 1818 1301 1094 1373 1871 1827 1955 1599 1062 1799 1440 1998 1662 1332 1614 1912 1555 1200 1429 1213 1648 1229 1052 1071 1197 1238 1944 1205 1252 1297 1168 1297 1422 1373 1071 1152 1627 1323 BCNSPRNW ULIB Ver.6.0+V

เปลี่ยนเป็นภาษาไทย

Change to English
 แสดงรายละเอียดบรรณานุกรม
  กลับหน้าหลัก

Brief Record : Get Marc (ISO 2709) : E-mail record : QR code < ปิดหน้าต่าง
LEADER : 00000nam 2200000uu 4500
001    13399113188
003     ULIB
008    111003s2549||||th 000 0 tha d
020    9741304501
050  4 QA276^bก411ห 2549
100 0  กัลยา วานิชย์บัญชา
245 10 หลักสถิติ /^cกัลยา วานิชย์บัญชา
250    พิมพ์ครั้งที่ 8
260    กรุงเทพฯ :^bโรงพิมพ์แห่งจุฒาลงกรณ์มหาวิทยาลัย,^c2549
300    491 หน้า :^bภาพประกอบ
650  4 สถิติ
650  4 คณิตศาสตร์สถิติ
650  4 สถิติศาสตร์
710 2  จุฬาลงกรณ์มหาวิทยาลัย. ^bคณะพาณิชยศาสตร์และการบัญชี.^bภาควิชาสถิติ
945    ^p290^l0^i012989
945    ^p290^l0^i012990
945    ^p290^l0^i012991
945    ^p290^l0^i021694
945    ^p290^l0^i021695
945    ^p290^l0^i021696
995    ทศพร
999 ^a ทศพร
รายการนี้ยังไม่มีแท็ก
คุณยังไม่ได้ล็อกอิน คุณสามารถมีกิจกรรมร่วมกับเว็บไซต์ได้ แต่ต้องล็อกอินก่อน ::
  ล็อกอิน

รายการสื่อสารสนเทศ

ลำดับที่ ประเภท เลขเรียก/บาร์โค้ด สถานที่ สถานะ
- ไม่พบข้อมูล -

รายการใกล้เคียง
    ผู้แต่ง [กัลยา วานิชย์บัญชา]

    หัวเรื่อง [สถิติ]
    หัวเรื่อง [คณิตศาสตร์สถิติ]
    หัวเรื่อง [สถิติศาสตร์]

BibComment


ยังไม่เคยถูกคอมเมนท์

คอมเมนท์ทรัพยากรรายการนี้
  คอมเมนท์: หลักสถิติ กัลยา ..


 Copyright 2026. Bcnsprnw @Library